[Event "Titled Tuesday intern op 11th Apr Early"]
[Site "Chess.com INT"]
[Date "2023.04.11"]
[Round "4"]
[White "Principe, Gerson"]
[Black "Vysochin, Spartak"]
[Result "0-1"]
[WhiteElo "2232"]
[BlackElo "2512"]
[PlyCount "66"]
[EventDate "2023.04.11"]
[EventType "swiss (blitz)"]
[EventRounds "11"]
[EventCountry "USA"]
[SourceTitle "CBM 213 Extra"]
[Source "ChessBase"]
[SourceDate "2023.05.31"]
[SourceVersion "1"]
[SourceVersionDate "2023.05.31"]
[SourceQuality "1"]

1. d4 d5 2. Nf3 Nf6 3. e3 c5 4. Be2 Nc6 5. 0-0 Bg4 6. Nbd2 e6 7. b3 cxd4 8. exd4 Bd6 9. Bb2 0-0 10. c4 Rc8 11. Ne5 Bxe2 12. Qxe2 dxc4 13. Ndxc4 Nd5 14. Rac1 Bb8 15. Rfd1 Qg5 16. g3 Rfd8 17. Qf3 Qf6 18. Qe2 h6 19. h4 Nce7 20. Na5 b6 21. Nac4 Nf5 22. a3 Bd6 23. Nd2 Qe7 24. Nc6 Rxc6 25. Rxc6 Bxa3 26. Nf3 Bxb2 27. Qxb2 Qf6 28. Qe2 Nfe7 29. Rcc1 Nf5 30. Ne5 Nde7 31. Rd3 Nxd4 32. Qd1 Qxe5 33. Rc4 Nef5 0-1

[Event "Titled Tuesday intern op 11th Apr Early"]
[Site "Chess.com INT"]
[Date "2023.04.11"]
[Round "9"]
[White "So, Wesley"]
[Black "Vysochin, Spartak"]
[Result "1-0"]
[WhiteElo "2760"]
[BlackElo "2512"]
[PlyCount "103"]
[EventDate "2023.04.11"]
[EventType "swiss (blitz)"]
[EventRounds "11"]
[EventCountry "USA"]
[SourceTitle "CBM 213 Extra"]
[Source "ChessBase"]
[SourceDate "2023.05.31"]
[SourceVersion "1"]
[SourceVersionDate "2023.05.31"]
[SourceQuality "1"]

1. c4 e5 2. Nc3 Bb4 3. Nf3 Bxc3 4. dxc3 d6 5. e4 b6 6. Bd3 Ne7 7. a4 a5 8. Nd2 0-0 9. Nf1 Nd7 10. Ne3 Nc5 11. Bc2 f5 12. exf5 Nxf5 13. Nd5 Nh4 14. Ne3 Qg5 15. Qd5+ Be6 16. Qc6 Bd7 17. Qd5+ Be6 18. Qc6 e4 19. Bxe4 Qf4 20. f3 Nb3 21. g3 Nxf3+ 22. Ke2 Ng1+ 23. Kd1 Qg4+ 24. Nxg4 Bxg4+ 25. Kc2 Nxa1+ 26. Kb1 Nb3 27. Rxg1 Nc5 28. Qxa8 Rxa8 29. Bxa8 Bf5+ 30. Ka2 Bc2 31. Bd5+ Kf8 32. Rf1+ Ke8 33. Bc6+ Ke7 34. Bg5+ Ke6 35. b4 Nd3 36. Bd5+ Ke5 37. Rf7 axb4 38. cxb4 Nxb4+ 39. Kb2 Bxa4 40. Rxc7 Kd4 41. Rxg7 b5 42. Bf6+ Kd3 43. Bg8 bxc4 44. Bxh7+ Ke2 45. h4 Nd3+ 46. Bxd3+ Kxd3 47. h5 d5 48. h6 d4 49. h7 c3+ 50. Kc1 Ke2 51. h8Q d3 52. Qh5+ 1-0

[Event "Titled Tuesday intern op 11th Apr Early"]
[Site "Chess.com INT"]
[Date "2023.04.11"]
[Round "5"]
[White "Vysochin, Spartak"]
[Black "Corrales Jimenez, Fidel"]
[Result "0-1"]
[WhiteElo "2512"]
[BlackElo "2489"]
[PlyCount "96"]
[EventDate "2023.04.11"]
[EventType "swiss (blitz)"]
[EventRounds "11"]
[EventCountry "USA"]
[SourceTitle "CBM 213 Extra"]
[Source "ChessBase"]
[SourceDate "2023.05.31"]
[SourceVersion "1"]
[SourceVersionDate "2023.05.31"]
[SourceQuality "1"]

1. e4 c6 2. d4 d5 3. exd5 cxd5 4. Bd3 Nc6 5. c3 Nf6 6. h3 g6 7. Bf4 Bf5 8. Be2 h5 9. Nf3 Ne4 10. Nbd2 f6 11. Nh4 Nxd2 12. Qxd2 Qd7 13. Nxf5 gxf5 14. Bb5 a6 15. Bxc6 Qxc6 16. 0-0 Kf7 17. Rae1 Re8 18. Re3 e6 19. Rfe1 Bd6 20. Rg3 h4 21. Rf3 Qc7 22. Kh1 b5 23. a3 Kg6 24. Bxd6 Qxd6 25. Qe3 e5 26. dxe5 Qxe5 27. Qxe5 Rxe5 28. Rd1 Rhe8 29. Kh2 Re2 30. Rxd5 R8e5 31. Rd4 Rxb2 32. Rxh4 Rb3 33. Rhf4 Rxa3 34. g4 Ra4 35. Rxf5 Rxf5 36. Rxf5 Rc4 37. Kg3 Rxc3+ 38. f3 b4 39. Ra5 Rc6 40. h4 b3 41. h5+ Kh6 42. Ra1 b2 43. Rb1 Rb6 44. f4 a5 45. Kh4 Rb4 46. g5+ fxg5+ 47. Kg4 Rxf4+ 48. Kg3 Rb4 0-1

[Event "Titled Tuesday intern op 11th Apr Early"]
[Site "Chess.com INT"]
[Date "2023.04.11"]
[Round "10"]
[White "Vysochin, Spartak"]
[Black "Svane, Rasmus"]
[Result "0-1"]
[WhiteElo "2512"]
[BlackElo "2621"]
[PlyCount "140"]
[EventDate "2023.04.11"]
[EventType "swiss (blitz)"]
[EventRounds "11"]
[EventCountry "USA"]
[SourceTitle "CBM 213 Extra"]
[Source "ChessBase"]
[SourceDate "2023.05.31"]
[SourceVersion "1"]
[SourceVersionDate "2023.05.31"]
[SourceQuality "1"]

1. e4 c6 2. d4 d5 3. exd5 cxd5 4. Bd3 Nc6 5. c3 Nf6 6. h3 g6 7. Bf4 Bf5 8. Be2 Bg7 9. Nf3 0-0 10. 0-0 Re8 11. Nbd2 Nd7 12. Re1 h6 13. Bf1 g5 14. Bg3 e6 15. Nb3 Rc8 16. Nc1 Nb6 17. Bd3 Qf6 18. Be5 Qg6 19. Bxg7 Kxg7 20. Bxf5 Qxf5 21. Nd3 Nc4 22. Qe2 Re7 23. b3 Nd6 24. Rac1 Ne4 25. c4 Nf6 26. c5 a5 27. a3 Ne4 28. b4 Qf6 29. Qe3 axb4 30. axb4 Na7 31. Nfe5 Nb5 32. Ng4 Qf5 33. f3 Ng3 34. f4 Ne4 35. Rf1 f6 36. fxg5 Qxg5 37. Nf4 Ra8 38. Ra1 Rxa1 39. Rxa1 Nxd4 40. Qxd4 Qxf4 41. Rf1 Qg5 42. b5 Rc7 43. c6 bxc6 44. Qb6 Rf7 45. bxc6 h5 46. c7 Rf8 47. Nh2 Qe5 48. Rc1 Rc8 49. Nf3 Qd6 50. Qb7 Qd7 51. Nd4 Nd6 52. Qb6 Kf7 53. Rc6 Nc4 54. Qc5 Ne5 55. Rxe6 Rxc7 56. Qb6 Qd8 57. Kh2 Nc4 58. Qa6 Re7 59. Rxe7+ Qxe7 60. Qa1 Ne5 61. Kh1 Ng6 62. Qa2 Qe4 63. Qa7+ Ne7 64. Qc5 h4 65. Nf3 Nf5 66. Qf2 Kg6 67. Kh2 d4 68. Kh1 d3 69. Kh2 Qf4+ 70. Kg1 Kg7 0-1

[Event "Kiev GP Anfield final"]
[Site "Kiev"]
[Date "2023.04.02"]
[Round "7"]
[White "Pavlov, Sergey1111"]
[Black "Vysochin, Spartak"]
[Result "0-1"]
[WhiteElo "2473"]
[BlackElo "2512"]
[PlyCount "66"]
[EventDate "2023.04.01"]
[EventType "swiss (rapid)"]
[EventRounds "11"]
[EventCountry "UKR"]
[SourceTitle "CBM 213 Extra"]
[Source "ChessBase"]
[SourceDate "2023.05.31"]
[SourceVersion "1"]
[SourceVersionDate "2023.05.31"]
[SourceQuality "1"]

1. c4 e5 2. Nc3 Bb4 3. Qc2 Nf6 4. Nf3 d6 5. Qa4+ Nc6 6. Nd5 Bc5 7. b4 Bb6 8. Nxb6 cxb6 9. Bb2 0-0 10. e3 Bg4 11. h3 Bh5 12. d3 a6 13. Be2 Re8 14. 0-0 d5 15. cxd5 Qxd5 16. a3 b5 17. Qd1 Rad8 18. Rc1 h6 19. Rc5 Qd6 20. Qa1 Nd7 21. Rc2 Nb6 22. g4 Bg6 23. Rxc6 Qxc6 24. Nxe5 Qd6 25. Bf3 Nd5 26. Bd4 Bh7 27. Bg2 Nf4 28. Bxb7 Ne2+ 29. Kg2 Nxd4 30. exd4 Qxd4 31. Qxd4 Rxd4 32. f4 Bxd3 33. Kg3 Bxf1 0-1

[Event "Kyiv Spring Blitz"]
[Site "Kiev"]
[Date "2023.03.26"]
[Round "1"]
[White "Lemba, Albert"]
[Black "Vysochin, Spartak"]
[Result "0-1"]
[WhiteElo "1745"]
[BlackElo "2512"]
[PlyCount "66"]
[EventDate "2023.03.26"]
[EventType "swiss (blitz)"]
[EventRounds "9"]
[EventCountry "UKR"]
[SourceTitle "CBM 213 Extra"]
[Source "ChessBase"]
[SourceDate "2023.05.31"]
[SourceVersion "1"]
[SourceVersionDate "2023.05.31"]
[SourceQuality "1"]

1. d4 d5 2. Bf4 c5 3. e3 Nc6 4. Nf3 Nf6 5. Nbd2 Bg4 6. h3 Bh5 7. c3 Qb6 8. b3 e6 9. Bd3 Be7 10. 0-0 0-0 11. Rc1 Rac8 12. Bb1 cxd4 13. cxd4 Ba3 14. Rc2 Bg6 15. Rc3 Qa5 16. b4 Bxb4 17. Nb3 Qa3 18. Rc1 Bxb1 19. Rxb1 Ne4 20. Rc1 Qxa2 21. Ra1 Qb2 22. Ne1 Nc3 23. Nd3 Nxd1 24. Nxb2 Nxb2 25. Rab1 Nd3 26. Bg3 Be7 27. Rfd1 Ncb4 28. Na5 b6 29. Nb3 a5 30. f3 Rc2 31. Rd2 Rfc8 32. Rbd1 a4 33. Na1 Rxd2 0-1

[Event "Titled Tuesday intern op 03rd Jan Early"]
[Site "Chess.com INT"]
[Date "2023.01.03"]
[Round "4"]
[White "Mustafayev, Farid Farman Oglu"]
[Black "Vysochin, Spartak"]
[Result "0-1"]
[WhiteElo "2302"]
[BlackElo "2512"]
[PlyCount "90"]
[EventDate "2023.01.03"]
[EventType "swiss (blitz)"]
[EventRounds "11"]
[EventCountry "USA"]
[SourceTitle "EXT 2024"]
[Source "ChessBase"]
[SourceDate "2023.10.10"]
[SourceVersion "1"]
[SourceVersionDate "2023.10.10"]
[SourceQuality "1"]

1. d4 d5 2. c4 c6 3. Nf3 Nf6 4. e3 Bf5 5. Nbd2 e6 6. Nh4 Be4 7. f3 Bg6 8. Nxg6 hxg6 9. Bd3 Bd6 10. f4 c5 11. cxd5 Nxd5 12. Bb5+ Nc6 13. Bxc6+ bxc6 14. Nc4 cxd4 15. Qxd4 0-0 16. 0-0 Be7 17. Ne5 Bf6 18. b3 Qb6 19. Re1 Nb4 20. Ba3 c5 21. Qe4 Bxe5 22. fxe5 Rad8 23. Rad1 Nxa2 24. Rxd8 Rxd8 25. Rf1 Nb4 26. Qf3 Qc7 27. Bxb4 cxb4 28. h3 a5 29. Qf4 Rd5 30. e4 Rxe5 31. Rc1 Qb6+ 32. Kh1 Rc5 33. Rd1 Qc7 34. Qf2 Rc1 35. Rxc1 Qxc1+ 36. Kh2 Qc7+ 37. Kh1 e5 38. h4 Qc1+ 39. Kh2 Qf4+ 40. Qxf4 exf4 41. g3 a4 42. bxa4 b3 43. a5 b2 44. a6 b1Q 45. a7 Qa2+ 0-1

[Event "Titled Tuesday intern op 03rd Jan Early"]
[Site "Chess.com INT"]
[Date "2023.01.03"]
[Round "5"]
[White "Vysochin, Spartak"]
[Black "Bacrot, Etienne"]
[Result "0-1"]
[WhiteElo "2512"]
[BlackElo "2653"]
[PlyCount "68"]
[EventDate "2023.01.03"]
[EventType "swiss (blitz)"]
[EventRounds "11"]
[EventCountry "USA"]
[SourceTitle "EXT 2024"]
[Source "ChessBase"]
[SourceDate "2023.10.10"]
[SourceVersion "1"]
[SourceVersionDate "2023.10.10"]
[SourceQuality "1"]

1. e4 c5 2. c3 Nf6 3. e5 Nd5 4. d4 cxd4 5. cxd4 d6 6. Bc4 Nb6 7. Bb3 dxe5 8. Qh5 e6 9. dxe5 Nc6 10. Nc3 g6 11. Qe2 Bg7 12. Nf3 Nd4 13. Nxd4 Qxd4 14. 0-0 Qxe5 15. Qf3 0-0 16. Bf4 Qf5 17. g4 Qa5 18. Bd6 Rd8 19. Rfd1 Bd7 20. Ne4 Bc6 21. Nf6+ Kh8 22. Qf4 g5 23. Qe5 Qxe5 24. Bxe5 Nd7 25. Nxd7 Rxd7 26. Rxd7 Bxd7 27. Rd1 Bc6 28. Bxg7+ Kxg7 29. Kf1 h5 30. h3 Rh8 31. Ke2 Kf6 32. Bc2 hxg4 33. hxg4 Rh3 34. Rd3 Bb5 0-1

[Event "Titled Tuesday intern op 03rd Jan Early"]
[Site "Chess.com INT"]
[Date "2023.01.03"]
[Round "10"]
[White "Vysochin, Spartak"]
[Black "Piesik, Piotr"]
[Result "0-1"]
[WhiteElo "2512"]
[BlackElo "2419"]
[PlyCount "144"]
[EventDate "2023.01.03"]
[EventType "swiss (blitz)"]
[EventRounds "11"]
[EventCountry "USA"]
[SourceTitle "EXT 2024"]
[Source "ChessBase"]
[SourceDate "2023.10.10"]
[SourceVersion "1"]
[SourceVersionDate "2023.10.10"]
[SourceQuality "1"]

1. e4 g6 2. d4 Bg7 3. Nf3 c6 4. h3 d6 5. Bd3 Nf6 6. 0-0 0-0 7. c3 Nbd7 8. Nbd2 e5 9. dxe5 Nxe5 10. Nxe5 dxe5 11. Nc4 Qc7 12. a4 Be6 13. a5 b5 14. Nd2 Rfd8 15. Qc2 a6 16. Nf3 c5 17. c4 Rxd3 18. Qxd3 Bxc4 19. Qc2 Bxf1 20. Kxf1 c4 21. Bd2 Rd8 22. Bc3 Nd7 23. Rd1 Nc5 24. Rxd8+ Qxd8 25. Nxe5 Bxe5 26. Bxe5 Qxa5 27. g3 Nd3 28. Bc3 Qa1+ 29. Kg2 b4 30. Bd2 Qxb2 31. Qxb2 Nxb2 32. Bxb4 Nd3 33. Bc3 Kf8 34. Kf3 Ke7 35. Ke3 Kd6 36. f4 Kc5 37. g4 Nb4 38. f5 a5 39. Bd4+ Kb5 40. e5 gxf5 41. gxf5 Kc6 42. Ke4 a4 43. e6 fxe6 44. f6 Kd7 45. Bc5 Nd3 46. Ba3 Ke8 47. Kd4 Kf7 48. Kxc4 Nf4 49. h4 Kxf6 50. Kb5 h5 51. Kxa4 Ng6 52. Kb5 Nxh4 53. Kc4 Kf5 54. Kd3 Ng6 55. Ke3 h4 56. Kf3 e5 57. Bc1 e4+ 58. Ke3 Ne5 59. Kf2 Nc4 60. Kg2 Kg4 61. Kf2 h3 62. Kg1 e3 63. Bb2 e2 64. Bc3 Kf3 65. Kh2 Kg4 66. Kg1 Ne3 67. Bd2 Ng2 68. Kf2 e1Q+ 69. Bxe1 Nxe1 70. Kg1 Nd3 71. Kh1 Kg3 72. Kg1 Nf2 0-1

[Event "Titled Tuesday intern op 29th Nov Early"]
[Site "Chess.com INT"]
[Date "2022.11.29"]
[Round "7"]
[White "Andrews, Todd D"]
[Black "Vysochin, Spartak"]
[Result "1-0"]
[WhiteElo "2188"]
[BlackElo "2512"]
[PlyCount "103"]
[EventDate "2022.11.29"]
[EventType "swiss (blitz)"]
[EventRounds "11"]
[EventCountry "USA"]
[SourceTitle "EXT 2024"]
[Source "ChessBase"]
[SourceDate "2023.10.10"]
[SourceVersion "1"]
[SourceVersionDate "2023.10.10"]
[SourceQuality "1"]

1. e4 c5 2. Nf3 d6 3. d3 g6 4. g3 Bg7 5. Bg2 Nf6 6. 0-0 0-0 7. Re1 Nc6 8. c3 b5 9. d4 cxd4 10. cxd4 Rb8 11. d5 Ne5 12. Nxe5 dxe5 13. Be3 a5 14. h3 Nd7 15. Nc3 b4 16. Na4 Ba6 17. Rc1 Bb5 18. Nc5 Nxc5 19. Bxc5 Qd7 20. Qd2 Rfc8 21. Rc2 Rc7 22. Rec1 Rbc8 23. Bb6 Rxc2 24. Rxc2 Rxc2 25. Qxc2 a4 26. Qc5 b3 27. axb3 axb3 28. Qb4 Qb7 29. Bc5 Ba6 30. Qxb7 Bxb7 31. Bxe7 Bf8 32. Bxf8 Kxf8 33. Bf1 f5 34. f3 fxe4 35. fxe4 Bc8 36. Bc4 Bxh3 37. Bxb3 Bg4 38. Bc4 Bf3 39. Bd3 Ke7 40. Kf2 Bd1 41. b4 Kd6 42. Ke3 Bb3 43. Bb5 h6 44. Be8 g5 45. b5 Bc4 46. b6 Ba6 47. Bc6 h5 48. b7 Kc7 49. d6+ Kb8 50. d7 h4 51. d8Q+ Ka7 52. b8Q# 1-0

[Event "Titled Tuesday intern op 29th Nov Early"]
[Site "Chess.com INT"]
[Date "2022.11.29"]
[Round "11"]
[White "Nugumanov, Bakhtiyar"]
[Black "Vysochin, Spartak"]
[Result "1-0"]
[WhiteElo "2354"]
[BlackElo "2512"]
[PlyCount "57"]
[EventDate "2022.11.29"]
[EventType "swiss (blitz)"]
[EventRounds "11"]
[EventCountry "USA"]
[SourceTitle "EXT 2024"]
[Source "ChessBase"]
[SourceDate "2023.10.10"]
[SourceVersion "1"]
[SourceVersionDate "2023.10.10"]
[SourceQuality "1"]

1. e4 c5 2. Nf3 d6 3. d4 cxd4 4. Nxd4 g6 5. Be3 Bg7 6. c4 Nf6 7. Nc3 0-0 8. Be2 Nc6 9. 0-0 Bd7 10. Rc1 Rc8 11. f4 Nxd4 12. Bxd4 a6 13. Bf3 Bc6 14. Qd3 e5 15. Be3 exf4 16. Bxf4 Re8 17. Bxd6 Nxe4 18. Nxe4 Bxe4 19. Bxe4 Rxe4 20. Qxe4 Qxd6 21. Qxb7 Qd4+ 22. Kh1 Rf8 23. b4 Qd6 24. c5 Qe6 25. c6 Qxa2 26. c7 Qb3 27. c8Q Rxc8 28. Rxc8+ Bf8 29. Qb8 1-0

[Event "Titled Tuesday intern op 29th Nov Early"]
[Site "Chess.com INT"]
[Date "2022.11.29"]
[Round "1"]
[White "Vysochin, Spartak"]
[Black "Le, Tuan Minh"]
[Result "0-1"]
[WhiteElo "2512"]
[BlackElo "2542"]
[PlyCount "48"]
[EventDate "2022.11.29"]
[EventType "swiss (blitz)"]
[EventRounds "11"]
[EventCountry "USA"]
[SourceTitle "EXT 2024"]
[Source "ChessBase"]
[SourceDate "2023.10.10"]
[SourceVersion "1"]
[SourceVersionDate "2023.10.10"]
[SourceQuality "1"]

1. d4 d5 2. Nf3 Nf6 3. Bf4 c5 4. e3 Qb6 5. b3 Nc6 6. dxc5 Qxc5 7. Nbd2 Bg4 8. Be2 g6 9. 0-0 Bg7 10. Rc1 0-0 11. c4 Qa5 12. Qc2 Nb4 13. Qb1 Bf5 14. Qa1 Ne4 15. Be5 Bxe5 16. Qxe5 Nxd2 17. Nxd2 Nxa2 18. Rcd1 Nc3 19. Rde1 Nxe2+ 20. Rxe2 Bd3 21. Rfe1 Bxe2 22. Rxe2 Rad8 23. Qxe7 dxc4 24. Nf3 Rd1+ 0-1

[Event "Kiev Anfield Cup 1st"]
[Site "Kiev"]
[Date "2022.09.25"]
[Round "8"]
[White "Vysochin, Spartak"]
[Black "Golichenko, Ilja"]
[Result "1-0"]
[WhiteElo "2512"]
[BlackElo "2413"]
[PlyCount "95"]
[EventDate "2022.09.24"]
[EventType "swiss"]
[EventRounds "9"]
[EventCountry "UKR"]
[SourceTitle "CBM 210 Extra"]
[Source "ChessBase"]
[SourceDate "2022.11.30"]
[SourceVersion "1"]
[SourceVersionDate "2022.11.30"]
[SourceQuality "1"]

1. e4 c5 2. c3 Nf6 3. e5 Nd5 4. d4 cxd4 5. cxd4 d6 6. Bc4 e6 7. Nf3 Nc6 8. 0-0 Be7 9. Qe2 0-0 10. Rd1 a6 11. exd6 Qxd6 12. Nc3 Nxc3 13. bxc3 b5 14. Bd3 Bb7 15. Qe4 f5 16. Qe2 Bf6 17. Bg5 Bxg5 18. Nxg5 Rae8 19. a4 b4 20. Bc4 Nd8 21. cxb4 h6 22. Nf3 Qxb4 23. Bxa6 Bd5 24. Ne5 Nc6 25. Nxc6 Bxc6 26. Bb5 Bxb5 27. axb5 Rf7 28. Qe5 Rd7 29. Qc5 Qb3 30. Rdb1 Qd3 31. Rd1 Qe4 32. b6 Rb8 33. Ra7 Rdb7 34. Rxb7 Qxb7 35. Rb1 Qe4 36. Qb4 Rb7 37. h3 Kh7 38. Rb2 Qd5 39. Rc2 Qd8 40. Rc6 Qd5 41. Qd6 Qe4 42. Qxe6 Qb1+ 43. Kh2 Rb8 44. Qg6+ Kh8 45. Rc7 Rg8 46. b7 Qb2 47. Qf7 Qb6 48. Qxg8+ 1-0

[Event "Titled Tuesday intern op 30th Aug Early"]
[Site "Chess.com INT"]
[Date "2022.08.30"]
[Round "1"]
[White "Levine, David M"]
[Black "Vysochin, Spartak"]
[Result "0-1"]
[WhiteElo "2068"]
[BlackElo "2512"]
[PlyCount "74"]
[EventDate "2022.08.30"]
[EventType "swiss (blitz)"]
[EventRounds "11"]
[EventCountry "USA"]
[SourceTitle "EXT 2023"]
[Source "ChessBase"]
[SourceDate "2022.10.05"]
[SourceVersion "1"]
[SourceVersionDate "2022.10.05"]
[SourceQuality "1"]

1. d4 d5 2. c4 e6 3. g3 Nf6 4. Bg2 Be7 5. Nf3 0-0 6. 0-0 c5 7. cxd5 exd5 8. Nc3 Nc6 9. dxc5 Bxc5 10. Na4 Be7 11. Be3 Ne4 12. Rc1 Bg4 13. Nd4 Bd7 14. f3 Nxd4 15. Bxd4 Nd6 16. Nc5 Bc6 17. Bh3 Bf6 18. Re1 Re8 19. b3 Qe7 20. Kf2 Nb5 21. Bxf6 Qxf6 22. Qd3 d4 23. Bd7 Re3 24. Qf5 Qxf5 25. Bxf5 Nc3 26. Be4 Re8 27. Bxc6 Rxe2+ 28. Kf1 Rxe1+ 29. Rxe1 Rxe1+ 30. Kxe1 bxc6 31. a4 Kf8 32. Kd2 Ke7 33. Kd3 Kd6 34. Nb7+ Kd5 35. Nd8 f5 36. b4 Nxa4 37. Nf7 c5 0-1

[Event "Titled Tuesday intern op 30th Aug Early"]
[Site "Chess.com INT"]
[Date "2022.08.30"]
[Round "3"]
[White "Prieto Aranguren, Alain"]
[Black "Vysochin, Spartak"]
[Result "1-0"]
[WhiteElo "2247"]
[BlackElo "2512"]
[PlyCount "77"]
[EventDate "2022.08.30"]
[EventType "swiss (blitz)"]
[EventRounds "11"]
[EventCountry "USA"]
[SourceTitle "EXT 2023"]
[Source "ChessBase"]
[SourceDate "2022.10.05"]
[SourceVersion "1"]
[SourceVersionDate "2022.10.05"]
[SourceQuality "1"]

1. d4 d5 2. c4 e6 3. Nc3 Nf6 4. cxd5 exd5 5. Bg5 Be7 6. e3 0-0 7. Nf3 c6 8. Bd3 Bg4 9. Qc2 h6 10. Bh4 Nbd7 11. h3 Be6 12. g4 Rc8 13. Rg1 a6 14. g5 hxg5 15. Nxg5 c5 16. Nxe6 fxe6 17. Qe2 c4 18. Bc2 b5 19. e4 b4 20. e5 bxc3 21. exf6 Nxf6 22. bxc3 Qa5 23. Kd2 Bb4 24. Qxe6+ Kh8 25. Rg3 Bxc3+ 26. Rxc3 Rce8 27. Qd6 Rf7 28. Bxf6 Rxf6 29. Qg3 Rfe6 30. Rg1 Re2+ 31. Kc1 Re1+ 32. Rxe1 Rxe1+ 33. Kd2 Re6 34. Qh4+ Rh6 35. Qg4 Qd8 36. Re3 Rf6 37. Qh5+ Rh6 38. Re8+ Qxe8 39. Qxe8# 1-0

[Event "Titled Tuesday intern op 30th Aug Early"]
[Site "Chess.com INT"]
[Date "2022.08.30"]
[Round "10"]
[White "Stanisz, Patryk"]
[Black "Vysochin, Spartak"]
[Result "1-0"]
[WhiteElo "2199"]
[BlackElo "2512"]
[PlyCount "55"]
[EventDate "2022.08.30"]
[EventType "swiss (blitz)"]
[EventRounds "11"]
[EventCountry "USA"]
[SourceTitle "EXT 2023"]
[Source "ChessBase"]
[SourceDate "2022.10.05"]
[SourceVersion "1"]
[SourceVersionDate "2022.10.05"]
[SourceQuality "1"]

1. d4 d5 2. c4 e6 3. Nc3 Nf6 4. Nf3 Be7 5. Bf4 0-0 6. e3 b6 7. Rc1 c5 8. cxd5 exd5 9. Be2 c4 10. 0-0 Bf5 11. Ne5 Bd6 12. a4 Bxe5 13. Bxe5 Nc6 14. Bxf6 gxf6 15. Bf3 Ne7 16. Re1 Rc8 17. e4 dxe4 18. Bxe4 Bxe4 19. Nxe4 Ng6 20. Qf3 Qxd4 21. Nxf6+ Kg7 22. Nh5+ Kg8 23. Rc3 Qd2 24. Rd1 Qg5 25. Rd5 Qe7 26. Re3 Qb4 27. Qf6 Rfe8 28. Qg7# 1-0

[Event "Titled Tuesday intern op 30th Aug Early"]
[Site "Chess.com INT"]
[Date "2022.08.30"]
[Round "6"]
[White "Vysochin, Spartak"]
[Black "Bifulco, Michel"]
[Result "1/2-1/2"]
[WhiteElo "2512"]
[BlackElo "2339"]
[PlyCount "65"]
[EventDate "2022.08.30"]
[EventType "swiss (blitz)"]
[EventRounds "11"]
[EventCountry "USA"]
[SourceTitle "EXT 2023"]
[Source "ChessBase"]
[SourceDate "2022.10.05"]
[SourceVersion "1"]
[SourceVersionDate "2022.10.05"]
[SourceQuality "1"]

1. d4 Nf6 2. Nf3 g6 3. c4 Bg7 4. Nc3 0-0 5. e4 d6 6. Be2 e5 7. d5 a5 8. 0-0 Na6 9. a3 Nc5 10. Qc2 Ne8 11. Be3 f5 12. Bxc5 dxc5 13. Rad1 Nd6 14. Bd3 b6 15. b3 f4 16. h3 g5 17. Be2 g4 18. hxg4 Bxg4 19. Nh2 Bxe2 20. Qxe2 Kh8 21. Qh5 Qe7 22. Nf3 Rf6 23. Qg5 Nf7 24. Qh4 Rg8 25. d6 Nxd6 26. Nd5 Qf8 27. Nxf6 Bxf6 28. Qh3 Nxe4 29. Rd7 Rg7 30. Rxg7 Bxg7 31. Qe6 Nc3 32. Nxe5 Ne2+ 33. Kh1 1/2-1/2

[Event "Titled Tuesday intern op 30th Aug Early"]
[Site "Chess.com INT"]
[Date "2022.08.30"]
[Round "9"]
[White "Vysochin, Spartak"]
[Black "Grot, Blazej"]
[Result "0-1"]
[WhiteElo "2512"]
[BlackElo "1764"]
[PlyCount "84"]
[EventDate "2022.08.30"]
[EventType "swiss (blitz)"]
[EventRounds "11"]
[EventCountry "USA"]
[SourceTitle "EXT 2023"]
[Source "ChessBase"]
[SourceDate "2022.10.05"]
[SourceVersion "1"]
[SourceVersionDate "2022.10.05"]
[SourceQuality "1"]

1. d4 Nf6 2. Nf3 e6 3. c4 d5 4. g3 Be7 5. Bg2 0-0 6. Ne5 c6 7. 0-0 b6 8. Nc3 Bb7 9. Bf4 Nbd7 10. Rc1 Rc8 11. cxd5 cxd5 12. Re1 Nxe5 13. Bxe5 Nd7 14. Bf4 Nf6 15. a3 a6 16. Qb3 Bd6 17. Bxd6 Qxd6 18. e3 Rc4 19. Bf1 Rc7 20. Na4 Nd7 21. Rc3 Rfc8 22. Rec1 b5 23. Rxc7 Rxc7 24. Rxc7 Qxc7 25. Nc3 Qd6 26. Bd3 g6 27. Na2 Qc6 28. Qc3 Nb6 29. Qxc6 Bxc6 30. Nb4 Bb7 31. b3 Kf8 32. Kf1 Ke7 33. a4 bxa4 34. bxa4 a5 35. Na6 Nxa4 36. Bb5 Nc3 37. Bd3 Bxa6 38. Bxa6 a4 39. Bd3 a3 40. Bc2 a2 41. Ke1 a1Q+ 42. Kd2 Qb2 0-1

[Event "Titled Tuesday intern op 30th Aug Early"]
[Site "Chess.com INT"]
[Date "2022.08.30"]
[Round "11"]
[White "Vysochin, Spartak"]
[Black "Thiel, Thomas"]
[Result "0-1"]
[WhiteElo "2512"]
[BlackElo "2230"]
[PlyCount "134"]
[EventDate "2022.08.30"]
[EventType "swiss (blitz)"]
[EventRounds "11"]
[EventCountry "USA"]
[SourceTitle "EXT 2023"]
[Source "ChessBase"]
[SourceDate "2022.10.05"]
[SourceVersion "1"]
[SourceVersionDate "2022.10.05"]
[SourceQuality "1"]

1. d4 Nf6 2. Nf3 g6 3. c4 Bg7 4. Nc3 d5 5. cxd5 Nxd5 6. e4 Nxc3 7. bxc3 c5 8. Be3 Qa5 9. Qb3 0-0 10. Bd3 Nc6 11. 0-0 cxd4 12. cxd4 Bg4 13. e5 Rad8 14. Qc4 Bxf3 15. gxf3 e6 16. Be4 Rc8 17. Bxc6 Rxc6 18. Qb3 b6 19. Rac1 Rfc8 20. Rxc6 Rxc6 21. Kg2 Qc3 22. Rc1 Qxb3 23. axb3 Rxc1 24. Bxc1 f6 25. f4 Kf7 26. Ba3 Ke8 27. Bd6 Kd7 28. Bb8 a5 29. Kf3 f5 30. Bd6 Kc6 31. Ke3 b5 32. Kd3 Kd5 33. f3 a4 34. bxa4 bxa4 35. Kc3 Bh6 36. Bc5 Bxf4 37. h3 Be3 38. Kd3 Bf2 39. Kc3 a3 40. Bxa3 Bxd4+ 41. Kd3 Bxe5 42. Be7 Bd6 43. Bg5 e5 44. Ke3 Bf8 45. Bf6 Bc5+ 46. Kd3 e4+ 47. fxe4+ fxe4+ 48. Ke2 Ke6 49. Bg5 Kf5 50. Bd2 Bd4 51. h4 Bf6 52. Be1 h6 53. Ke3 g5 54. hxg5 Bxg5+ 55. Kd4 h5 56. Bg3 h4 57. Bh2 h3 58. Kc3 Bf4 59. Bg1 h2 60. Bxh2 Bxh2 61. Kd2 Bf4+ 62. Ke2 Ke5 63. Ke1 Kd4 64. Ke2 e3 65. Ke1 Kd3 66. Kd1 Bg3 67. Kc1 e2 0-1

[Event "Kiev Shystariov Rapid"]
[Site "Kiev"]
[Date "2022.08.28"]
[Round "7"]
[White "Vysochin, Spartak"]
[Black "Domin, Yan"]
[Result "1-0"]
[WhiteElo "2512"]
[BlackElo "1990"]
[PlyCount "55"]
[EventDate "2022.08.27"]
[EventType "swiss (rapid)"]
[EventRounds "9"]
[EventCountry "UKR"]
[SourceTitle "CBM 209 Extra"]
[Source "ChessBase"]
[SourceDate "2022.09.30"]
[SourceVersion "1"]
[SourceVersionDate "2022.09.30"]
[SourceQuality "1"]

1. e4 c5 2. c3 Nf6 3. e5 Nd5 4. d4 cxd4 5. cxd4 d6 6. Bc4 Nb6 7. Bb3 dxe5 8. Qh5 e6 9. dxe5 Bb4+ 10. Nc3 Nc6 11. Nge2 0-0 12. Bf4 Nd5 13. Bg3 Nxc3 14. bxc3 Be7 15. 0-0 Qc7 16. Rfe1 b6 17. Nf4 g6 18. Qh6 Kh8 19. Rad1 Rg8 20. Nh3 Bf8 21. Qf4 h6 22. Bh4 Bg7 23. Bf6 Kh7 24. Qh4 Bxf6 25. exf6 Rh8 26. Re3 Bb7 27. Bxe6 fxe6 28. Ng5+ 1-0